| 000 | 01578nam a2200433 c 4500 | ||
|---|---|---|---|
| 001 | 16431 | ||
| 003 | ES-MaCES | ||
| 005 | 20150925135633.0 | ||
| 008 | 040413s2004 sp 000 | spa d | ||
| 017 |
_aAB 74-2004 _bDL |
||
| 020 | _a848697741X | ||
| 035 | _aCES20040006163m | ||
| 040 |
_aES-MaCES _bspa _cES-MaCES |
||
| 245 | 0 | 0 |
_aNuevas tecnologías de la información y la comunicación y Derecho del trabajo _cCoordinadores, Manuel Ramón Alarcón Caracuel, Ricardo Esteban Legarreta ; autores, Manuel Ramón Alarcón Caracuel ... [et al.] |
| 260 |
_aAlbacete _bBomarzo _c[2004] |
||
| 300 |
_a232 p. _c24 cm |
||
| 504 | _aBibliografía | ||
| 541 | _cCompra | ||
| 650 | 4 |
_aderecho del trabajo _927165 |
|
| 650 | 4 |
_anuevas tecnologías _930788 |
|
| 650 | 4 |
_atecnología de la información _930104 |
|
| 650 | 4 |
_atelecomunicaciones _927884 |
|
| 650 | 4 |
_ainformática _928873 |
|
| 650 | 4 |
_aautomatización _928248 |
|
| 650 | 4 |
_aderechos de los trabajadores _929924 |
|
| 650 | 4 |
_asalud en el trabajo _928347 |
|
| 650 | 4 |
_anegociación colectiva _928362 |
|
| 650 | 4 |
_asupervisión de los empleados _930656 |
|
| 650 | 4 |
_amecanismo de control _929918 |
|
| 650 | 4 |
_ateletrabajo _929568 |
|
| 653 | 1 | 0 | _aDerecho del trabajo y Seguridad Social |
| 650 | 4 |
_928369 _arelaciones laborales |
|
| 700 | 1 |
_aAlarcón Caracuel, Manuel Ramón _95764 |
|
| 700 | 1 |
_aAlarcón Caracuel, Manuel Ramón _ecol. _95764 |
|
| 700 | 1 |
_aEsteban Legarreta, Ricardo _ecol. _911461 |
|
| 902 | _aLIB Libro | ||
| 942 |
_2CES _cBK _h6.0.1. |
||
| 999 |
_c16431 _d16431 |
||